Dance Moms Quiz Stats

 Plays Quiz not verified by Sporcle

Challenge
Share
Tweet
Embed
Score 0/30 Timer 09:00
2 Plays Today
Question Answer % Correct
Who is always given racial dances?Nia
79%
Who forgot their dance in Miami and got a second try?Nia
79%
Who quit dance for cheerleading?Brooke
78.6%
Who ran off stage and the season 2 finale?Maddie
78.4%
Who is Chloe's best friend?Paige
78%
What is Maddie's and Mackenzie's mom's name?Melissa
75.9%
Who was Jill friends with?Melissa
75.9%
What is Vivi-Anne's mother's name?Cathy
72.5%
What is Nia's mom's name?Holly
72.4%
Who is Kendall's mother?Jill
71.6%
Who is Abby's assistant?Gianna
67%
What is Maddie and Mackenzie's last name?Ziegler
66.9%
What is the name of Cathy's studio?Candy Apples
65.8%
What is Chloe's sister's name?Clara
62.6%
What is the name of Abby's dog?Broadway Baby
62.4%
Question Answer % Correct
What is Chloe's last name?Lukasiak
57%
Who replaced Brooke both times?Peyton
55.1%
What are the ALDC colors?red and black
52.4%
What is Holly's job?principal
48.3%
What does Cathy's husband sell?beef jerky
45.3%
What is Melissa's fiance's name?Greg
45.1%
Who did the duet 'Ooh La La'?Brooke and Paige
44.5%
Who did the Inside of Me duet?Chloe and Maddie
44.3%
Who left ALDC first?Vivi-Anne
43.6%
Who is usually in a trio together?Maddie, Chloe, and Paige
42.1%
Who did the duet Snake Charmer?Nia and Mackenzie
38.8%
Before what dance did Brooke pop out her shoulder?Metamorphosis
31.7%
Brooke skipped a competition to go to her 8th grade........farewell
28%
What two solos did Maddie perform twice?Cry and In my Heart
23%
Who likes to sit at home and eat chips?Mazkenzie
9.1%

You're not logged in!

Compare scores with friends on all Sporcle quizzes.
OR
Log In

You Might Also Like...

Show Comments

Extras

Created Jul 10, 2012ReportNominate
Tags:dance, Dance Moms, mom

Top Quizzes Today


Score Distribution

Your Account Isn't Verified!

In order to create a playlist on Sporcle, you need to verify the email address you used during registration. Go to your Sporcle Settings to finish the process.

Report this User

Report this user for behavior that violates our Community Guidelines.

Details: